Statistics for National Anthem in countries of United Kingdom and Ireland

Click here to take the quiz!

General Stats

  • This quiz has been taken 23 times
  • The average score is 6 of 12

Answer Stats

CountryUsageAnthem% Correct
United Kingdom & Commonwealth realmsIn GeneralGod Save the Queen
100%
EnglandRugby, Football, etc.God Save the Queen
100%
Northern IrelandFootballGod Save the Queen
100%
ScotlandSporting OccasionsFlower of Scotland
67%
(Republic of) IrelandIn GeneralAmhrán na bhFiann
48%
EnglandRugby, Test cricket, etc.Jerusalem
48%
All-Ireland (the entire Ireland island)RugbyIreland's Call
38%
Northern IrelandCommonwealth GamesLondonderry Air (Danny Boy)
33%
WalesSporting OccasionsHen Wlad Fy Nhadau
29%
EnglandRugby, Commonwealth GamesLand of Hope and Glory
24%
EnglandRoyal NavyRule, Britannia!
14%
Britain & IrelandRugbyThe Power of Four
5%

Score Distribution

Percentile by Number Answered

Percent of People with Each Score

Your Score History

You have not taken this quiz